<?xml version="1.0" encoding="UTF-8"?>
<collection xmlns="http://www.loc.gov/MARC21/slim">
<record>
  <controlfield tag="001">111609</controlfield>
  <controlfield tag="005">20220309093123.0</controlfield>
  <datafield tag="037" ind1=" " ind2=" ">
    <subfield code="a">TAZ-TFG-2019-845</subfield>
  </datafield>
  <datafield tag="041" ind1=" " ind2=" ">
    <subfield code="a">spa</subfield>
  </datafield>
  <datafield tag="100" ind1="1" ind2=" ">
    <subfield code="a">Rubio Castellanos, Cristina</subfield>
  </datafield>
  <datafield tag="242" ind1="0" ind2="0">
    <subfield code="a">Arrhythmias neonatales: PAROXYSMAL SUPRAVENTRICULAR TACHYCARDIA OF PRENATAL ONSET</subfield>
  </datafield>
  <datafield tag="245" ind1="0" ind2="0">
    <subfield code="a">Arritmias neonatales: TAQUICARDIA SUPRAVENTRICULAR PAROXÍSTICA DE INICIO PRENATAL</subfield>
  </datafield>
  <datafield tag="260" ind1=" " ind2=" ">
    <subfield code="a">Zaragoza</subfield>
    <subfield code="b">Universidad de Zaragoza</subfield>
    <subfield code="c">2019</subfield>
  </datafield>
  <datafield tag="506" ind1=" " ind2=" ">
    <subfield code="a">by-nc-sa</subfield>
    <subfield code="b">Creative Commons</subfield>
    <subfield code="c">3.0</subfield>
    <subfield code="u">http://creativecommons.org/licenses/by-nc-sa/3.0/</subfield>
  </datafield>
  <datafield tag="520" ind1=" " ind2=" ">
    <subfield code="a">Arritmias neonatales. Prevalencia, incidencia, diagnóstico, tratamiento y pronóstico de la taquicardia supraventricular paroxística de inicio prenatal.&lt;br /></subfield>
  </datafield>
  <datafield tag="521" ind1=" " ind2=" ">
    <subfield code="a">Graduado en Medicina</subfield>
  </datafield>
  <datafield tag="540" ind1=" " ind2=" ">
    <subfield code="a">Derechos regulados por licencia Creative Commons</subfield>
  </datafield>
  <datafield tag="700" ind1=" " ind2=" ">
    <subfield code="a">Samper Villagrasa, María Pilar</subfield>
    <subfield code="e">dir.</subfield>
  </datafield>
  <datafield tag="710" ind1="2" ind2=" ">
    <subfield code="a">Universidad de Zaragoza</subfield>
    <subfield code="b">Pediatría, Radiología y Medicina Física</subfield>
    <subfield code="c">Pediatría</subfield>
  </datafield>
  <datafield tag="856" ind1="0" ind2=" ">
    <subfield code="f">690290@celes.unizar.es</subfield>
  </datafield>
  <datafield tag="856" ind1="4" ind2=" ">
    <subfield code="s">1456738</subfield>
    <subfield code="u">http://zaguan.unizar.es/record/111609/files/TAZ-TFG-2019-845.pdf</subfield>
    <subfield code="y">Memoria (spa)</subfield>
  </datafield>
  <datafield tag="909" ind1="C" ind2="O">
    <subfield code="o">oai:zaguan.unizar.es:111609</subfield>
    <subfield code="p">driver</subfield>
    <subfield code="p">trabajos-fin-grado</subfield>
  </datafield>
  <datafield tag="950" ind1=" " ind2=" ">
    <subfield code="a"></subfield>
  </datafield>
  <datafield tag="980" ind1=" " ind2=" ">
    <subfield code="a">TAZ</subfield>
    <subfield code="b">TFG</subfield>
    <subfield code="c">MED</subfield>
  </datafield>
  <datafield tag="999" ind1=" " ind2=" ">
    <subfield code="a">20190529150833.CREATION_DATE</subfield>
  </datafield>
  <datafield tag="951" ind1=" " ind2=" ">
    <subfield code="a">deposita:2022-03-09</subfield>
  </datafield>
</record>
</collection>